000 00454nam a2200181Ia 4500
003 OSt
005 20230526153051.0
008 210423s2002 xx 000 0 und d
040 _cAL
041 _akan
082 _a330.15K
_223
_bSHIA
100 _aSHISHETA (B Prabhakara).
_936771
245 _aAarthika chinthana vahini.
260 _bMangala Publications
_c2002
365 _cINR
906 _aAarthika ; chinthana ; vahini.
942 _2ddc
_cBK
999 _c173081
_d173081